MARC

LEADER 00000nam0a2200000 4500
001 56003
005 20231031053034.0
010 |a 5318000061 
035 |a (RuTPU)RU\TPU\book\58793 
090 |a 56003 
100 |a 20030924d2001 km y0rusy50 ca 
101 0 |a rus 
102 |a RU 
105 |a a g 001zy 
200 1 |a Pro/ENGINEER  |e Специальный справочник  |f А. Степанов 
210 |a СПб.  |c Питер  |d 2001 
215 |a 622 с.  |c ил. 
225 1 |a Справочник 
320 |a Алфавитный указатель: с. 618-622 
610 1 |a информатика 
610 1 |a системы моделирования 
610 1 |a Pro/ENGINEER 
610 1 |a справочники 
675 |a 681.327.1(035)  |v 3 
700 1 |a Степанов  |b А.  |g Александр 
801 1 |a RU  |b 63413507  |c 20030924  |g PSBO 
801 2 |a RU  |b 63413507  |c 20031110  |g PSBO 
942 |c BK